Mathematical programming methods
Saved in:
| Main Author: | |
|---|---|
| Format: | Book |
| Language: | English |
| Published: |
Amsterdam : New York :
North Holland Pub. Co., sole distributors for the U.S.A. and Canada, American Elsevier Pub. Co.,
1976
|
| Subjects: | |
| Tags: |
Add Tag
No Tags, Be the first to tag this record!
|
MARC
| LEADER | 00000cam a2200000 i 4500 | ||
|---|---|---|---|
| 001 | 1/33006 | ||
| 008 | 941103s1976 eng d | ||
| 020 | |a 0444110690 | ||
| 035 | |l 10039251 | ||
| 040 | |a GR-MY-UA |b gre |e aacr | ||
| 041 | 0 | |a eng | |
| 082 | 0 | |a 519.7 | |
| 100 | 1 | |a Zoutendijk, G. | |
| 245 | 1 | 0 | |a Mathematical programming methods / |c G. Zoutendijk |
| 260 | |a Amsterdam : |a New York : |b North Holland Pub. Co., |b sole distributors for the U.S.A. and Canada, American Elsevier Pub. Co., |c 1976 | ||
| 300 | |a 500 p.; |c 23 cm | ||
| 500 | |a Includes index | ||
| 504 | |a Bibliography: p. [481]-496 | ||
| 650 | 0 | 0 | |a Programming (Mathematics) |
| 852 | |a INST |b SAMOS |e 19941103 |h 519.7 ZOU |p 005300001141 |q 005300001141 |t BK |y 0 | ||
| 909 | |a Σ |b 009327 | ||